| 000 | 00591cab a2200217 4500 | ||
|---|---|---|---|
| 001 | WB2443-33 | ||
| 008 | 090401t1988 xxu||||| |||| 00| 0 eng d | ||
| 035 | _a(Sirsi) u59024 | ||
| 041 | _aeng | ||
| 245 | _abRoyal Ordnance sale | ||
| 260 | _c1988 | ||
| 350 | _a0 | ||
| 490 |
_aFinancial Times _v28/10/88 p8 |
||
| 520 | _aExamines the recent controversy over the sale of the Royal Ordnance to British Aerospace . | ||
| 650 | _aLAND VALUES | ||
| 650 | _aMINSTRY OF DEFENCE | ||
| 650 |
_aValuation _96273 |
||
| 690 | _aPROPERTY LAW AND PRACTICE | ||
| 942 | _n0 | ||
| 948 | _c04/03/1997 | ||
| 999 |
_c36138 _d36138 |
||